[Event "SF Deizisau 2 - SC Böblingen 1"]
[Site "Oberliga 2019/2020"]
[Date "2020.01.19"]
[Round "6.6"]
[White "Gheng, Dominik"]
[Black "Schuh, Karsten"]
[Result "0-1"]
[WhiteElo "2122"]
[BlackElo "2181"]
[PlyCount "140"]
[EventDate "2020.??.??"]
[WhiteTeam "SF Deizisau 2"]
[BlackTeam "SC Böblingen 1"]

1. e4 d6 2. d4 Nf6 3. Nc3 g6 4. f4 Bg7 5. Nf3 c5 6. dxc5 Qa5 7. e5 dxe5 8. Nxe5
O-O 9. Qf3 Nc6 10. Nc4 Qc7 11. Be3 Nb4 12. Bd3 Bg4 13. Qg3 Nxd3+ 14. cxd3 Bf5
15. Rd1 Rfd8 16. d4 Ng4 17. O-O b6 18. Ne5 Nxe3 19. Qxe3 f6 20. Nb5 Qc8 21. Nf3
Qc6 22. Nc3 Bf8 23. b4 bxc5 24. d5 Qc7 25. bxc5 Rac8 26. c6 Qa5 27. Nd4 Bg4 28.
Rb1 Rxd5 29. Nxd5 Qxd5 30. Qb3 Qxb3 31. Rxb3 e5 32. Nb5 Rxc6 33. fxe5 fxe5 34.
a4 Be6 35. Rb2 a6 36. Rxf8+ Kxf8 37. Na3 Bf5 38. Kf2 Rc3 39. Nb1 Bxb1 40. Rxb1
Rc4 41. Ra1 Ke7 42. a5 Rc5 43. Ke3 Ke6 44. Ra4 Kf5 45. h4 h5 46. Kd3 Rb5 47.
Ke3 Rb3+ 48. Kf2 Rd3 49. g3 Rb3 50. Ra2 e4 51. Rc2 Rb5 52. Ra2 Re5 53. Ke3 Kg4
54. Ra1 Kh3 55. Kf4 Re6 56. Rb1 Rf6+ 57. Kxe4 Kxg3 58. Rb6 Rf4+ 59. Ke3 Rg4 60.
Rxa6 Kxh4 61. Rd6 Rg3+ 62. Kf4 g5+ 63. Kf5 Ra3 64. Rd5 g4 65. Kg6 g3 66. Rxh5+
Kg4 67. Rg5+ Kf3 68. Rf5+ Ke2 69. Rg5 Kf2 70. a6 g2 0-1

[Event "SF Deizisau 2 - SC Böblingen 1"]
[Site "Oberliga 2019/2020"]
[Date "2020.01.19"]
[Round "6.7"]
[White "Bauer, Peter"]
[Black "Rempeli, Alex"]
[Result "1/2-1/2"]
[WhiteElo "2124"]
[BlackElo "2100"]
[PlyCount "87"]
[EventDate "2020.??.??"]
[WhiteTeam "SC Böblingen 1"]
[BlackTeam "SF Deizisau 2"]

1. e4 e6 2. d4 d5 3. Nd2 c5 4. exd5 exd5 5. Ngf3 Nc6 6. dxc5 Bxc5 7. Nb3 Bb6 8.
c3 Nf6 9. Be2 O-O 10. O-O Re8 11. Bg5 h6 12. Bxf6 Qxf6 13. Qd2 Bg4 14. h3 Bf5
15. Nfd4 Be4 16. f3 Bf5 17. Kh1 Bd7 18. f4 a5 19. a4 Nxd4 20. Nxd4 Bxd4 21.
cxd4 Re4 22. Bd3 Rxd4 23. Qc3 Rc8 24. Qb3 Bc6 25. Qc3 Bd7 26. Qb3 Qd6 27. f5
Qb4 28. Qxb4 Rxb4 29. Rf2 Rxa4 30. Re1 Re8 31. Rc1 Bc6 32. f6 Re3 33. Bc2 Rh4
34. fxg7 d4 35. Kh2 Be4 36. g3 Rh5 37. Bxe4 Rxe4 38. Rc7 Rhe5 39. Rfxf7 Re2+
40. Kg1 Re1+ 41. Kf2 R1e2+ 42. Kf1 Re1+ 43. Kf2 R1e2+ 44. Kf1 1/2-1/2

[Event "SF Deizisau 2 - SC Böblingen 1"]
[Site "Oberliga 2019/2020"]
[Date "2020.01.19"]
[Round "6.8"]
[White "Brenner, Markus"]
[Black "Schröter, Samuel"]
[Result "1/2-1/2"]
[WhiteElo "2030"]
[BlackElo "2138"]
[PlyCount "71"]
[EventDate "2020.??.??"]
[WhiteTeam "SF Deizisau 2"]
[BlackTeam "SC Böblingen 1"]

1. e4 g6 2. d4 Bg7 3. Nc3 c5 4. dxc5 Qa5 5. Bd2 Qxc5 6. Nd5 Na6 7. Nf3 e6 8.
Bc3 Bxc3+ 9. Nxc3 {(=)} Nc7 10. Qd4 Qxd4 11. Nxd4 a6 12. a4 b6 13. Bc4 Bb7 14.
f3 Ne7 15. O-O-O O-O-O 16. Rhe1 d5 17. exd5 Ncxd5 18. Nxd5 Nxd5 19. Bxd5 Rxd5
20. c4 Rc5 21. b3 Rd8 22. Kb2 Rh5 23. h3 {(=)} e5 24. Nc2 Rxd1 25. Rxd1 e4 26.
fxe4 Bxe4 27. Rd2 Rg5 28. g4 h5 29. Ne3 Re5 30. Kc3 Bf3 31. Kd4 Re4+ 32. Kd3
Re7 33. gxh5 gxh5 34. Rf2 Rd7+ 35. Kc3 Be4 36. Nd5 1/2-1/2

[Event "Heilbronner SV 1 - SV Nürtingen 1"]
[Site "Oberliga 2019/2020"]
[Date "2020.01.19"]
[Round "6.1"]
[White "Weigand, Bernhard"]
[Black "Zuferi, Enis"]
[Result "1/2-1/2"]
[WhiteElo "2195"]
[BlackElo "2303"]
[PlyCount "43"]
[EventDate "2020.??.??"]
[WhiteTeam "SV Nürtingen 1"]
[BlackTeam "Heilbronner SV 1"]

1. e4 c5 2. Nf3 d6 3. c3 Nf6 4. Bd3 g6 5. O-O Bg7 6. Bc2 O-O 7. h3 Nc6 8. Re1
Qc7 9. d4 cxd4 10. cxd4 e5 11. Nc3 Nxd4 12. Nxd4 exd4 13. Qxd4 Be6 14. Bf4 Rfd8
15. Qd2 Rac8 16. Rac1 Qb6 17. Bb1 Qa5 18. Rcd1 b5 19. Nd5 Qxd2 20. Rxd2 Bxd5
21. exd5 Re8 22. Red1 1/2-1/2

[Event "Heilbronner SV 1 - SV Nürtingen 1"]
[Site "Oberliga 2019/2020"]
[Date "2020.01.19"]
[Round "6.2"]
[White "Schmidt, Tobias"]
[Black "Mehne, Claudius"]
[Result "1-0"]
[WhiteElo "2250"]
[BlackElo "2179"]
[PlyCount "57"]
[EventDate "2020.??.??"]
[WhiteTeam "Heilbronner SV 1"]
[BlackTeam "SV Nürtingen 1"]

1. e4 e5 2. Nf3 Nc6 3. Bc4 Nf6 4. Ng5 d5 5. exd5 Na5 6. Bb5+ c6 7. dxc6 bxc6 8.
Bd3 Nd5 9. Nf3 Bd6 10. O-O O-O 11. Re1 f5 12. Nxe5 Qf6 13. Nf3 g5 14. c4 Ne7
15. c5 Bxc5 16. Qc2 Bd6 17. Qc3 g4 18. Qxf6 Rxf6 19. Nh4 Nd5 20. Nc3 Nb4 21.
Bb1 Bd7 22. d4 c5 23. Bg5 Rff8 24. a3 Nbc6 25. dxc5 Bxc5 26. Ba2+ Kg7 27. Rad1
Bd4 28. Nb5 Rfe8 29. Be3 1-0

[Event "Heilbronner SV 1 - SV Nürtingen 1"]
[Site "Oberliga 2019/2020"]
[Date "2020.01.19"]
[Round "6.3"]
[White "Mareck, Sascha"]
[Black "Degenhard, Simon"]
[Result "0-1"]
[WhiteElo "2106"]
[BlackElo "2214"]
[PlyCount "50"]
[EventDate "2020.??.??"]
[WhiteTeam "SV Nürtingen 1"]
[BlackTeam "Heilbronner SV 1"]

1. d4 Nf6 2. Nf3 e6 3. c4 d5 4. g3 Be7 5. Bg2 O-O 6. O-O dxc4 7. Ne5 Nc6 8.
Bxc6 bxc6 9. Qa4 c5 10. dxc5 Bxc5 11. Nc3 Nd5 12. Qxc4 Bb6 13. e4 Nxc3 14. bxc3
Qf6 15. Bf4 Rd8 16. Nc6 Re8 17. Be5 Qf3 18. Rae1 a5 19. Nd4 Qh5 20. Qc6 Ba6 21.
Bxc7 Bxc7 22. Qxc7 Bxf1 23. Rxf1 Rec8 24. Qb7 Rab8 25. Qa7 Qc5 0-1

[Event "Heilbronner SV 1 - SV Nürtingen 1"]
[Site "Oberliga 2019/2020"]
[Date "2020.01.19"]
[Round "6.4"]
[White "Dudek, Richard"]
[Black "Auch, Stefan"]
[Result "1/2-1/2"]
[WhiteElo "2163"]
[BlackElo "2013"]
[PlyCount "108"]
[EventDate "2020.??.??"]
[WhiteTeam "Heilbronner SV 1"]
[BlackTeam "SV Nürtingen 1"]

1. e4 d5 2. exd5 Qxd5 3. Nc3 Qd8 4. d4 Nf6 5. Nf3 c6 6. Bc4 Bf5 7. Ne5 e6 8. g4
Bg6 9. h4 Be4 10. Nxe4 Nxe4 11. Kf1 Nd7 12. Nxf7 Kxf7 13. Qf3+ Ndf6 14. g5 Qxd4
15. Bb3 Qxf2+ 16. Qxf2 Nxf2 17. Kxf2 Nd5 18. Bd2 Bc5+ 19. Kg3 Ke7 20. Rhe1 Rhf8
21. Re2 Rae8 22. c4 Bd6+ 23. Kg4 Nc7 24. Rae1 Kd7 25. h5 e5 26. Bc2 Ne6 27.
Bxh7 Nd4 28. Re4 c5 29. h6 gxh6 30. gxh6 Rf2 31. Be3 Rg2+ 32. Kh3 Rxb2 33. Rf1
Rh8 34. Bg6 Ne2 35. Bf5+ Kc7 36. h7 Rxa2 37. Bh6 Ra3+ 38. Re3 Rxe3+ 39. Bxe3 e4
40. Bxe4 Be5 41. Bxc5 Nf4+ 42. Kg4 b6 43. Be3 Ne2 44. Rf7+ Kd6 45. Rxa7 Nd4 46.
Bd5 b5 47. Bg8 bxc4 48. Ra4 Nc6 49. Rxc4 Ne7 {(=)} 50. Bc5+ Kd7 51. Bxe7 Kxe7
52. Re4 Kd6 53. Rxe5 Kxe5 54. Kg5 Rxh7 1/2-1/2

[Event "Heilbronner SV 1 - SV Nürtingen 1"]
[Site "Oberliga 2019/2020"]
[Date "2020.01.19"]
[Round "6.5"]
[White "Gold, Stefan"]
[Black "Tschlatscher, Thomas"]
[Result "1/2-1/2"]
[WhiteElo "2013"]
[BlackElo "2155"]
[PlyCount "31"]
[EventDate "2020.??.??"]
[WhiteTeam "SV Nürtingen 1"]
[BlackTeam "Heilbronner SV 1"]

1. d4 Nf6 2. Nf3 d5 3. e3 e6 4. Bd3 c5 5. b3 Be7 6. O-O O-O 7. Nbd2 b6 8. Bb2
Bb7 9. Ne5 Qc7 10. f4 Nbd7 11. Qe2 Ne4 12. Nxe4 dxe4 13. Bc4 Nxe5 14. dxe5 Bd5
15. Rad1 Rad8 16. Bxd5 1/2-1/2

[Event "Heilbronner SV 1 - SV Nürtingen 1"]
[Site "Oberliga 2019/2020"]
[Date "2020.01.19"]
[Round "6.6"]
[White "Peng, Xiang-Tobias"]
[Black "Kill, Matthias"]
[Result "1-0"]
[WhiteElo "2105"]
[BlackElo "2011"]
[PlyCount "69"]
[EventDate "2020.??.??"]
[WhiteTeam "Heilbronner SV 1"]
[BlackTeam "SV Nürtingen 1"]

1. e4 d6 2. Bc4 g6 3. d4 Bg7 4. Ne2 Nf6 5. Nbc3 O-O 6. Bg5 Nxe4 7. Nxe4 d5 8.
Bd3 dxe4 9. Bxe4 c5 10. dxc5 Qa5+ 11. c3 Qxc5 12. Be3 Qc7 13. Qc1 Nd7 14. O-O
Nf6 15. Bf3 Bg4 16. Bxg4 Nxg4 17. Ng3 h5 18. h3 h4 19. Bf4 Be5 20. Ne2 Bxf4 21.
Nxf4 Nf6 22. Re1 Rfe8 23. Nd3 Kg7 24. Qg5 Rad8 25. Re3 Rh8 26. Nf4 Nh5 27.
Qxg6+ Kf8 28. Ne6+ fxe6 29. Rae1 Ng7 30. Rf3+ Kg8 31. Qf7+ Kh7 32. Rf4 Qxf4 33.
Qxf4 Kg6 34. Qe4+ Kf7 35. Qxb7 1-0

[Event "Heilbronner SV 1 - SV Nürtingen 1"]
[Site "Oberliga 2019/2020"]
[Date "2020.01.19"]
[Round "6.7"]
[White "Templin, Klaus-Dieter"]
[Black "Geshnizjani, Ramin"]
[Result "0-1"]
[WhiteElo "1961"]
[BlackElo "2106"]
[PlyCount "56"]
[EventDate "2020.??.??"]
[WhiteTeam "SV Nürtingen 1"]
[BlackTeam "Heilbronner SV 1"]

1. d4 d5 2. c4 e6 3. Nc3 Be7 4. Nf3 Nf6 5. Bg5 h6 6. Bh4 O-O 7. e3 b6 8. cxd5
Nxd5 9. Bxe7 Qxe7 10. Be2 Bb7 11. O-O Nd7 12. Qa4 Nxc3 13. bxc3 e5 14. Rfd1 e4
15. Nd2 c5 16. Ba6 Bxa6 17. Qxa6 Nf6 18. a4 Rac8 19. a5 cxd4 20. cxd4 Nd5 21.
axb6 axb6 22. Rdc1 Nc3 23. Kf1 b5 24. Qb6 Qb4 25. Qa5 Qb2 26. Ke1 b4 27. Qa6
Rc7 28. Nxe4 Nxe4 0-1

[Event "SC Böblingen 1 - Heilbronner SV 1"]
[Site "Oberliga 2019/2020"]
[Date "2020.02.16"]
[Round "7.1"]
[White "Zuferi, Enis"]
[Black "Gähwiler, Gabriel"]
[Result "1-0"]
[WhiteElo "2303"]
[BlackElo "2394"]
[PlyCount "111"]
[EventDate "2020.??.??"]

1. d4 Nf6 2. c4 e6 3. Nc3 Bb4 4. Qc2 O-O 5. a3 Bxc3+ 6. Qxc3 d5 7. Bg5 dxc4 8.
Qxc4 b6 9. Nf3 Ba6 10. Qa4 c5 11. dxc5 bxc5 12. Rc1 Qb6 13. Bxf6 gxf6 14. Rc2
Nc6 15. e3 Bxf1 16. Rxf1 Rac8 17. Ke2 Na5 18. Rd1 Nb3 19. Nd2 Nxd2 20. Rdxd2
Rfd8 21. h4 Rxd2+ 22. Rxd2 c4 23. Qd7 Qc5 24. Rd4 h5 25. Qb7 c3 26. bxc3 Qxc3
27. Kf3 a5 28. Qe7 Qc6+ 29. Kg3 Qc7+ 30. Qxc7 Rxc7 31. Rd8+ Kg7 32. Ra8 Rc5 33.
Ra7 Kg6 34. Kf3 f5 35. g3 e5 36. a4 e4+ 37. Ke2 Rd5 38. Rb7 f6 39. Rb5 Re5 40.
Kd2 Kf7 41. Rxe5 fxe5 42. Kc3 Ke6 43. Kc4 f4 44. gxf4 exf4 45. Kd4 fxe3 46.
fxe3 Kf5 47. Kd5 Kg4 48. Kxe4 Kxh4 49. Kf4 Kh3 50. e4 h4 51. e5 Kg2 52. e6 h3
53. e7 h2 54. e8=Q h1=Q 55. Qe2+ Kg1 56. Kg3 1-0

[Event "TSV Schönaich 2 - SF Deizisau 2"]
[Site "Oberliga 2019/2020"]
[Date "2020.02.16"]
[Round "7.5"]
[White "Gustain, Marc"]
[Black "Buschle, Lukas"]
[Result "0-1"]
[WhiteElo "2159"]
[BlackElo "2114"]
[PlyCount "120"]
[EventDate "2020.??.??"]

1. e4 c5 2. Nc3 d6 3. d4 cxd4 4. Qxd4 a6 5. Bg5 Nc6 6. Qd2 h6 7. Bh4 g5 8. Bg3
Bg7 9. h4 g4 10. Bc4 Nf6 11. Nge2 b5 12. Bb3 Bd7 13. f3 Na5 14. O-O-O Nxb3+ 15.
cxb3 b4 16. Nd5 Nxd5 17. Qxd5 Rc8+ 18. Kb1 Rc5 19. Qd2 a5 20. Bf2 Rc8 21. Bd4
Bxd4 22. Nxd4 Qb6 23. Rhe1 Rc5 24. Nc2 Be6 25. f4 f6 26. Nd4 Bf7 27. Nf5 Bg6
28. Nd4 Bf7 29. g3 Kf8 30. Nc2 h5 31. Ne3 Qb7 32. Qd4 Kg7 33. Nf5+ Kh7 34. Ne3
Ra8 35. Nd5 a4 36. Re3 axb3 37. Rxb3 Bxd5 38. exd5 Qa7 39. a3 bxa3 40. Rxa3 Ra5
41. Qxa7 R8xa7 42. Rxa5 Rxa5 43. b4 Rb5 44. Rd4 Kg6 45. Kc2 Kf5 46. Kc3 Rb8 47.
Rc4 Ra8 48. b5 Ra3+ 49. Kb4 Rxg3 50. b6 Rg1 51. Kb5 Rb1+ 52. Kc6 g3 53. Rc2
Kxf4 54. b7 Kf3 55. Rc3+ Kf2 56. Rc2+ Kf1 57. Kc7 g2 58. b8=Q Rxb8 59. Rc1+ Kf2
60. Kxb8 g1=Q 0-1

[Event "SC Weiler im Allgäu 1 - Heilbronner SV "]
[Site "Oberliga 2019/2020"]
[Date "2020.03.01"]
[Round "8.4"]
[White "Tuncer, Ufuk"]
[Black "Pogan, Nikolas"]
[Result "1/2-1/2"]
[WhiteElo "2324"]
[BlackElo "2188"]
[PlyCount "132"]
[EventDate "2020.??.??"]
[WhiteTeam "SC Weiler im Allgäu 1"]
[BlackTeam "Heilbronner SV 1"]

1. e4 d6 2. d4 Nf6 3. Nc3 e5 4. Nge2 c6 5. g3 g6 6. Bg2 Bg7 7. O-O O-O 8. a4 a5
9. h3 Na6 10. Be3 Qc7 11. Qd2 Re8 12. Rad1 Be6 13. Kh2 Nb4 14. d5 cxd5 15. exd5
Bd7 16. Rfe1 Rac8 17. Nb5 Bxb5 18. axb5 Qc4 19. b3 Qxb5 20. c4 Qa6 21. Ra1 Nd7
22. Ra3 Nc5 23. Rea1 Qb6 24. Rxa5 Nba6 25. Rb5 Qc7 26. Ra3 Ra8 27. b4 Nd7 28.
c5 e4 29. c6 bxc6 30. Rba5 Qc8 31. dxc6 Ne5 32. Qa2 Nxc6 33. R5a4 Ncxb4 34. Qd2
d5 35. Rxb4 Nxb4 36. Rxa8 Qxa8 37. Qxb4 Qa6 38. Nd4 Qc4 39. Qb6 h5 {(=)} 40. h4
Ra8 41. Nc6 Kh7 42. Qb7 Ra6 43. Nb4 Ra5 44. Nc6 Ra6 45. Nb4 Ra5 46. Nc6 Ra4 47.
Ne7 d4 48. Bg5 Ra2 49. Qb8 f5 50. Qb6 Qf7 51. Kg1 d3 52. Qd6 Bf8 53. Qd8 d2 54.
Nxg6 Ra1+ 55. Kh2 d1=Q 56. Nxf8+ Kg7 57. Bd2 Qxd2 58. Qxd2 Kxf8 59. Qd8+ Kg7
60. Qg5+ Kh7 61. Bh3 Ra5 62. Bf1 Ra2 63. Kg1 Ra1 64. Kg2 Ra2 65. Kg1 Ra1 66.
Kg2 Ra2 1/2-1/2